| 000 | 00436nam a2200157 i 4500 | ||
|---|---|---|---|
| 001 | 51252 | ||
| 003 | ES-MaACL | ||
| 005 | 20230906162326.0 | ||
| 007 | t| | ||
| 008 | 030812s1955 sp ||||1| spa d | ||
| 100 | 1 |
_aCharlo, Ramón. _938088 |
|
| 245 | 1 | 0 |
_aSevilla es sueño / _cRamón Charlo. |
| 260 |
_aSevilla : _b[s.n., _c1955] ( _fGráf. Sevillanas) |
||
| 300 |
_a367 p., 18 lám. ; _c21 cm. |
||
| 852 |
_aES-MaACL _jC-11336 _bR.38361 |
||
| 999 |
_c51252 _d51252 |
||